000 00442nam a2200169Ia 4500
008 180921t2018 xxu||||| |||| 00| 1 sin d
041 _asin
080 _aX8C31
_bWIC
100 _aWickramaarachchi, Manori Silika
245 _aහදවතින් මා
246 _aHadawathin Ma
260 _bSilika Prakashana
_aPiliyandala
_c2018
300 _a192p., 21cm
942 _cBK
999 _c7631
_d7631
003 LK-CoDNM
040 _aLK-CoDNM
_dLK-CoDNM
_eLK-CoDNM